| 000 | 00451nam a22001577a 4500 | ||
|---|---|---|---|
| 999 |
_c3523 _d3523 |
||
| 003 | URS | ||
| 005 | 20220114142534.0 | ||
| 008 | 191121s1999 ph a|||| |||| 00| 0 eng d | ||
| 020 | _a9718836225 | ||
| 040 |
_beng _cURS _drda |
||
| 050 | 1 | 4 |
_aHQ 1240 _b.H23617 1999 |
| 245 | 0 | 0 | _aHandbook of gender responsive participatory tools for community-based forest management |
| 260 | _c[1999] | ||
| 300 |
_a151 pages _bwith illustrations _c24 cm |
||
| 942 |
_2lcc _cREF |
||